000 00414nam a22001697a 4500
003 SGT
020 _a9789356961036
082 _a616.01
_bE23S
100 _aSASTRY, APURBA S.
245 _aESSENTIALS OF ANTIMICROBIAL STEWARDSHIP
250 _a1ST
260 _aINDIA
_bJAYPEE PUB
_c2023
300 _a852
650 _aMICROBIOLOGY
653 _aESSENTIALS OF ANTIMICROBIAL STEWARDSHIP
942 _2ddc
_cBK
999 _c25410
_d25410